000 01130nam a2200337 c 4500
001 1152
003 ES-MaCES
005 20141221121530.0
008 950811s1993 sp ||| | spa d
017 _aM-36274-1993
_bDL
020 _a8426028349
024 7 _a103-93-085-6
_2nipo
035 _aCES19980011574m
040 _aES-MaCES
_bspa
_cES-MaCES
245 0 0 _aCenso electoral a 1 de enero de 1993
_b: informe sobre la revisión anual
_cOficina del Censo Electoral
260 _aMadrid
_bInstituto Nacional de Estadística
_c1993
300 _a381 p.
_c30 cm
541 _cGratuito
650 4 _aelección
_927234
650 4 _acenso
_928847
650 4 _aEspaña
_926964
650 4 _a1993
_930807
650 4 _adatos estadísticos
_930765
650 4 _ainforme
_928986
653 1 0 _aEstadísticas demográficas-Población-Movimientos migratorios
710 2 _aInstituto Nacional de Estadística (España)
_eed.
_94273
710 2 _aInstituto Nacional de Estadística (España)
_bOficina del Censo Electoral
_94274
902 _aLIB Libro
942 _2CES
_cBK
_h8.1.
999 _c1152
_d1152